000 01681nam a2200301 a 4500
001 BRCA_8966
003 FranzMayer
005 20230724120157.0
008 060717m17631768sp-#######---#000-0#spa-#
040 _aMFM
_bspa
_cMFM
041 _aspa
044 _asp
084 _aLM2
_b.H57 1763
245 1 0 _aHistorial general de los viajes, ó nueva colección de todas las relaciones de los que se han hecho por Mar, y Tierra, y se han publicado hasta ahora en diferentes Lenguas de todas las Naciones conocidas
_bdonde se contiene lo más notables, útil, y más cierto de los países, adonde han penetrado los Viageros, con las Costumbres, Religión, Usos, Artes, Ciencias, Comercio, y Manufacturas de sus Habitantes
_cobra traducida del Inglés al Francés por el Abate Antonio Francisco Prevost; y al Castellano por Don Miguel Terracina; tomo primero.
260 _aMadrid
_bEn la Imprenta de D. Juan Antonio Lozano
_c1763, 1768
300 _a4 v.
_c20.8 x 15.8 cm
500 _aEn portada: Aumentada con las Relaciones de los últimos Viages, que se han hecho en este siglo
500 _aEn portada: se hallarà en la Imprenta del Real, y Supremo Consejo de las Indias, calle del Clavel, esquina à la de la Reyna
500 _aCon licencia
500 _aEstado físico: presenta encuadernación en pergamino con cintas rotas y lomo semi desprendido
500 _aLa biblioteca cuenta con los siguientes tomos: 1, 3, 8, 4
650 1 4 _aViajes y travesías
_ySiglos XV - XVIII
_922268
650 1 4 _aViajes alrededor del mundo
_910041
700 1 _aPrevost, Antonio Francisco
_etr.
_922269
700 1 _aTerracina, Miguel
_etr.
_922270
902 _aCFM
942 _2lcc
_cB
999 _c8617
_d8617